[Event "Oberliga Ost-A 0708"]
[Site "Germany"]
[Date "2007.11.04"]
[Round "3.3"]
[White "Niering, Martin"]
[Black "De la Cruz, Alfredo"]
[Result "0-1"]
[WhiteElo "2199"]
[BlackElo "2293"]
[PlyCount "78"]
[EventDate "2007.09.23"]
[EventType "team-tourn"]
[EventRounds "11"]
[EventCountry "GER"]
[SourceTitle "EXT 2009"]
[Source "ChessBase"]
[SourceDate "2008.11.26"]
[SourceVersion "1"]
[SourceVersionDate "2008.11.26"]
[SourceQuality "1"]
[WhiteTeam "Magdeburg Rochade"]
[BlackTeam "Chemnitz"]
[WhiteTeamCountry "GER"]
[BlackTeamCountry "GER"]

1. e4 e6 2. d4 d5 3. Nc3 Bb4 4. e5 c5 5. a3 Bxc3+ 6. bxc3 Nc6 7. Nf3 Qa5 8. Bd2 Qa4 9. Be2 b6 10. dxc5 bxc5 11. Be3 Qa5 12. 0-0 Nge7 13. Rb1 c4 14. Qc1 0-0 15. Re1 Ba6 16. Bf1 Rfb8 17. Rxb8+ Rxb8 18. Bd2 Bb5 19. h4 Ba4 20. h5 Qb6 21. Bg5 Qb2 22. Qf4 Qxc2 23. Bxe7 Nxe7 24. Nd4 Qxc3 25. Re3 Qc1 26. Qg5 Re8 27. h6 Ng6 28. hxg7 c3 29. Ne2 Qxa3 30. Nxc3 Qb4 31. Qh6 Bc2 32. g3 Nxe5 33. Rxe5 Qxc3 34. Rg5 Bg6 35. Rg4 Qxg7 36. Qd2 Rc8 37. Ba6 Qc3 38. Qa2 Qc1+ 39. Kh2 Rc2 0-1

[Event "Oberliga Ost-A 0607"]
[Site "Germany"]
[Date "2007.04.21"]
[Round "10.3"]
[White "Hoffmeyer, Falk"]
[Black "De la Cruz, Alfredo"]
[Result "0-1"]
[WhiteElo "2257"]
[BlackElo "2310"]
[PlyCount "76"]
[EventDate "2006.10.15"]
[EventType "team-tourn"]
[EventRounds "11"]
[EventCountry "GER"]
[SourceTitle "EXT 2008"]
[Source "ChessBase"]
[SourceDate "2007.11.25"]
[SourceVersion "1"]
[SourceVersionDate "2007.11.25"]
[SourceQuality "1"]
[WhiteTeam "Magdeburg Rochade"]
[BlackTeam "Chemnitz"]
[WhiteTeamCountry "GER"]
[BlackTeamCountry "GER"]

1. d4 f5 2. Bg5 h6 3. Bh4 g5 4. e4 Nf6 5. e5 e6 6. exf6 Qxf6 7. Bg3 f4 8. Nf3 Nc6 9. Bb5 Bg7 10. c3 0-0 11. 0-0 a6 12. Bd3 d5 13. Bc2 fxg3 14. fxg3 Bh8 15. Qd3 Qg7 16. Nbd2 Bd7 17. a4 a5 18. g4 Rf4 19. h3 Raf8 20. Rae1 R4f6 21. Ne5 Rxf1+ 22. Nxf1 Nxe5 23. dxe5 Rf4 24. Ng3 Be8 25. Nh5 Bxh5 26. gxh5 Qf7 27. Qb5 b6 28. Bg6 Qe7 29. Kh1 Bg7 30. Bc2 g4 31. g3 Rf2 32. Bg6 gxh3 33. b4 Qf8 34. Kg1 Rg2+ 35. Kh1 Rxg3 36. Rf1 Rf3 37. Rg1 h2 38. Kxh2 Qf4+ 0-1

[Event "Oberliga Ost-A 0607"]
[Site "Germany"]
[Date "2007.04.01"]
[Round "9.3"]
[White "Poenisch, Eckehard"]
[Black "De la Cruz, Alfredo"]
[Result "1-0"]
[WhiteElo "2231"]
[BlackElo "2310"]
[PlyCount "81"]
[EventDate "2006.10.15"]
[EventType "team-tourn"]
[EventRounds "11"]
[EventCountry "GER"]
[SourceTitle "EXT 2008"]
[Source "ChessBase"]
[SourceDate "2007.11.25"]
[SourceVersion "1"]
[SourceVersionDate "2007.11.25"]
[SourceQuality "1"]
[WhiteTeam "Coswig"]
[BlackTeam "Chemnitz"]
[WhiteTeamCountry "GER"]
[BlackTeamCountry "GER"]

1. e4 e6 2. Qe2 c5 3. f4 Nc6 4. Nf3 g6 5. g3 Bg7 6. Bg2 Nge7 7. 0-0 d6 8. d3 b5 9. a4 b4 10. Nbd2 Rb8 11. Rb1 0-0 12. g4 f5 13. gxf5 gxf5 14. exf5 Nxf5 15. Ne4 d5 16. Ng3 Rb7 17. Nxf5 exf5 18. Bd2 Re7 19. Qf2 Nd4 20. c3 Re2 21. cxd4 Rxf2 22. Rxf2 Ba6 23. Bf1 cxd4 24. Bxb4 Re8 25. Bd2 Qd7 26. b3 h6 27. Rg2 Kh7 28. Rg3 Bf6 29. Ne5 Bxe5 30. fxe5 Rxe5 31. Bf4 Re6 32. Rc1 Rc6 33. Re1 Rg6 34. b4 Rxg3+ 35. hxg3 Qxa4 36. Re7+ Kg6 37. Be5 Qd1 38. Re6+ Kh5 39. Rxa6 Qe1 40. Bf4 Kg4 41. Kg2 1-0

[Event "Oberliga Ost-A 0607"]
[Site "Germany"]
[Date "2007.03.18"]
[Round "8.3"]
[White "De la Cruz, Alfredo"]
[Black "Limpert, Michael"]
[Result "1/2-1/2"]
[WhiteElo "2310"]
[BlackElo "2166"]
[PlyCount "103"]
[EventDate "2006.10.15"]
[EventType "team-tourn"]
[EventRounds "11"]
[EventCountry "GER"]
[SourceTitle "EXT 2008"]
[Source "ChessBase"]
[SourceDate "2007.11.25"]
[SourceVersion "1"]
[SourceVersionDate "2007.11.25"]
[SourceQuality "1"]
[WhiteTeam "Chemnitz"]
[BlackTeam "Leipzig Mitte II"]
[WhiteTeamCountry "GER"]
[BlackTeamCountry "GER"]

1. Nf3 d5 2. g3 Nf6 3. Bg2 c6 4. d4 Bg4 5. 0-0 e6 6. c4 Bd6 7. Qb3 Qb6 8. Qa4 Qb4 9. Qxb4 Bxb4 10. c5 Nbd7 11. a3 Ba5 12. Bf4 0-0-0 13. e3 Bc7 14. Nc3 Rhe8 15. b4 Bxf3 16. Bxc7 Bxg2 17. Bxd8 Bxf1 18. Bxf6 Nxf6 19. Kxf1 e5 20. Ne2 Nd7 21. a4 f6 22. b5 Kc7 23. Nc3 a6 24. Ra3 Nf8 25. b6+ Kd7 26. Ne2 Ne6 27. f3 Ng5 28. Kg2 exd4 29. Nxd4 Ne6 30. Nxe6 Rxe6 31. Rd3 Ke7 32. Kf2 f5 33. h4 Kf6 34. Rd4 g6 35. g4 fxg4 36. Rxg4 Re7 37. Ke2 Re5 38. Kf2 Ke6 39. Rd4 Ke7 40. Rf4 Rf5 41. Rg4 Re5 42. Rd4 Kf6 43. Ke2 Ke7 44. Kf2 Kf6 45. Rf4+ Ke7 46. Rg4 Kf6 47. Rg1 Ke7 48. Rd1 Kf6 49. Ke2 Ke7 50. Rd4 Kf6 51. Kd3 Rf5 52. Ke2 1/2-1/2

[Event "Oberliga Ost-A 0607"]
[Site "Germany"]
[Date "2007.02.25"]
[Round "7.3"]
[White "De la Cruz, Alfredo"]
[Black "Espig, Lutz"]
[Result "1/2-1/2"]
[WhiteElo "2310"]
[BlackElo "2359"]
[PlyCount "120"]
[EventDate "2006.10.15"]
[EventType "team-tourn"]
[EventRounds "11"]
[EventCountry "GER"]
[SourceTitle "EXT 2008"]
[Source "ChessBase"]
[SourceDate "2007.11.25"]
[SourceVersion "1"]
[SourceVersionDate "2007.11.25"]
[SourceQuality "1"]
[WhiteTeam "Chemnitz"]
[BlackTeam "Plauen Koenig"]
[WhiteTeamCountry "GER"]
[BlackTeamCountry "GER"]

1. c4 c5 2. Nf3 g6 3. d4 cxd4 4. Nxd4 Bg7 5. Nc3 Nc6 6. Nb3 d6 7. g3 Nf6 8. Bg2 0-0 9. 0-0 Be6 10. Nd5 Rc8 11. Bg5 Ne5 12. Nd4 Bxd5 13. cxd5 h6 14. Bd2 Rc5 15. Bb4 Rc4 16. Bc3 Ned7 17. Qb3 Nb6 18. Rfd1 Nfd7 19. Qc2 Na4 20. Qb3 Ndb6 21. Rac1 Nxc3 22. bxc3 Qc8 23. Nb5 Qc5 24. Nxa7 Na4 25. Nb5 Nxc3 26. Nxc3 Rxc3 27. Rxc3 Qxc3 28. Qxb7 Qc2 29. Qb3 Qxe2 30. Bf1 Qe4 31. Bb5 f5 32. Qd3 Qb4 33. a4 Be5 34. Qc4 Qxc4 35. Bxc4 Rc8 36. Rc1 Rc5 37. Rc2 Bd4 38. Kf1 Kf8 39. Ke2 Ra5 40. Bb5 Bc5 41. Kd3 Bb6 42. f3 Kf7 43. Re2 h5 44. h3 Ra8 45. Bc6 Ra5 46. Rb2 Bg1 47. Rg2 Bb6 48. Bb5 Ra7 49. Rb2 Bc5 50. Bc6 Kf6 51. Rb7 Rxb7 52. Bxb7 Bf2 53. g4 hxg4 54. hxg4 fxg4 55. fxg4 e6 56. a5 exd5 57. Bxd5 Ke5 58. Kc4 g5 59. Bf3 d5+ 60. Kb5 Kd6 1/2-1/2

[Event "Oberliga Ost-A 0607"]
[Site "Germany"]
[Date "2007.02.24"]
[Round "6.3"]
[White "Puschendorf, Steffen"]
[Black "De la Cruz, Alfredo"]
[Result "0-1"]
[WhiteElo "2209"]
[BlackElo "2310"]
[PlyCount "80"]
[EventDate "2006.10.15"]
[EventType "team-tourn"]
[EventRounds "11"]
[EventCountry "GER"]
[SourceTitle "EXT 2008"]
[Source "ChessBase"]
[SourceDate "2007.11.25"]
[SourceVersion "1"]
[SourceVersionDate "2007.11.25"]
[SourceQuality "1"]
[WhiteTeam "Liebschwitz"]
[BlackTeam "Chemnitz"]
[WhiteTeamCountry "GER"]
[BlackTeamCountry "GER"]

1. d4 f5 2. Bg5 h6 3. Bh4 g5 4. e3 Nf6 5. Bg3 Bg7 6. h4 g4 7. Bd3 d6 8. Ne2 Nh5 9. e4 0-0 10. exf5 Bxf5 11. Bxf5 Rxf5 12. Qd3 Qc8 13. Nbc3 Nc6 14. 0-0-0 e5 15. Qc4+ Rf7 16. Nd5 Qe6 17. dxe5 Nxe5 18. Qb3 c6 19. Nef4 Nxf4 20. Nxf4 Qxb3 21. axb3 d5 22. Rhe1 Nd7 23. Re6 Be5 24. Nd3 Bxg3 25. fxg3 Kh7 26. Rde1 Raf8 27. Kd2 Nf6 28. Ne5 Rg7 29. Re3 Ne4+ 30. Ke1 Nc5 31. Rd6 Ne4 32. Re6 Nc5 33. Rd6 a5 34. c4 Ne4 35. Re6 Nc5 36. Rd6 Ne4 37. Re6 Nc5 38. Rd6 Rf5 39. Ke2 Ne4 40. Rd8 Rxe5 0-1

[Event "Oberliga Ost-A 0607"]
[Site "Germany"]
[Date "2006.12.10"]
[Round "4.3"]
[White "Neukirch, Detlef"]
[Black "De la Cruz, Alfredo"]
[Result "0-1"]
[WhiteElo "2294"]
[BlackElo "2310"]
[PlyCount "114"]
[EventDate "2006.10.15"]
[EventType "team-tourn"]
[EventRounds "11"]
[EventCountry "GER"]
[SourceTitle "EXT 2008"]
[Source "ChessBase"]
[SourceDate "2007.11.25"]
[SourceVersion "1"]
[SourceVersionDate "2007.11.25"]
[SourceQuality "1"]
[WhiteTeam "Halle USV"]
[BlackTeam "Chemnitz"]
[WhiteTeamCountry "GER"]
[BlackTeamCountry "GER"]

1. e4 e6 2. d4 d5 3. e5 c5 4. c3 Nc6 5. Nf3 Qb6 6. a3 Nh6 7. b4 cxd4 8. cxd4 Nf5 9. Bb2 Bd7 10. g4 Nfe7 11. Nc3 Na5 12. Nd2 Rc8 13. Na4 Qc6 14. Nc5 Nc4 15. Nxc4 dxc4 16. Rg1 b6 17. Bg2 Nd5 18. Ne4 Qa4 19. Qd2 Be7 20. Bf3 c3 21. Nxc3 Nxc3 22. Bxc3 Qb3 23. Rc1 Qxa3 24. Bd1 Bxb4 25. Rg3 Rxc3 26. Rgxc3 Qa5 27. Kf1 0-0 28. Qe3 Bxc3 29. Qxc3 Qxc3 30. Rxc3 Rc8 31. Rxc8+ Bxc8 32. Bf3 Ba6+ 33. Ke1 Bc4 34. Kd2 g5 35. Kc3 Bd5 36. Be2 a5 37. Bb5 Kf8 38. Kd3 Bf3 39. h3 Ke7 40. Ke3 Bd5 41. Kd3 f6 42. Ke3 fxe5 43. dxe5 Bb3 44. Kd2 h6 45. Kc3 Bd5 46. Kd4 Kd8 47. Ke3 Bb3 48. Kd2 Kc7 49. Kc3 Bd5 50. Kd4 Bc6 51. Bc4 Kd7 52. Bd3 Ba4 53. Bg6 Bb5 54. Kc3 Bf1 55. Kd4 Bxh3 56. f3 Bf1 57. Be4 Bb5 0-1

[Event "Oberliga Ost-A 0607"]
[Site "Germany"]
[Date "2006.10.15"]
[Round "1.3"]
[White "Klemm, Dietmar"]
[Black "De la Cruz, Alfredo"]
[Result "1/2-1/2"]
[WhiteElo "2195"]
[BlackElo "2310"]
[PlyCount "82"]
[EventDate "2006.10.15"]
[EventType "team-tourn"]
[EventRounds "11"]
[EventCountry "GER"]
[SourceTitle "EXT 2008"]
[Source "ChessBase"]
[SourceDate "2007.11.25"]
[SourceVersion "1"]
[SourceVersionDate "2007.11.25"]
[SourceQuality "1"]
[WhiteTeam "Leipzig Gohlis II"]
[BlackTeam "Chemnitz"]
[WhiteTeamCountry "GER"]
[BlackTeamCountry "GER"]

1. d4 f5 2. g3 Nf6 3. Bg2 g6 4. Nf3 Bg7 5. 0-0 0-0 6. c4 d6 7. Nc3 Qe8 8. e4 fxe4 9. Ng5 Nc6 10. Nb5 Bg4 11. Qb3 Qd7 12. d5 Nd8 13. Nc3 h6 14. Ngxe4 Nxe4 15. Nxe4 b6 16. Bd2 a5 17. Bc3 a4 18. Qc2 Nb7 19. Rae1 Rf7 20. Bxg7 Rxg7 21. Nc3 Nc5 22. Re3 Bf5 23. Qd2 Rf8 24. Nb5 e5 25. dxe6 Nxe6 26. Rfe1 Kh7 27. h4 g5 28. Nd4 Nxd4 29. Qxd4 gxh4 30. Qxh4 Qf7 31. Rf3 Qg6 32. Bh3 Rgf7 33. Bxf5 Rxf5 34. Re7+ R8f7 35. Rxf7+ Rxf7 36. Rxf7+ Qxf7 37. Qe4+ Kg7 38. Qc2 Qe8 39. Kg2 Qc6+ 40. f3 Qe8 41. Kf2 h5 1/2-1/2

[Event "BL2-Ost 0506"]
[Site "Germany"]
[Date "2006.03.12"]
[Round "8.4"]
[White "De la Cruz, Alfredo"]
[Black "Schubert, Thomas"]
[Result "1/2-1/2"]
[WhiteElo "2299"]
[BlackElo "2374"]
[PlyCount "22"]
[EventDate "2005.10.23"]
[EventType "team-tourn"]
[EventRounds "9"]
[EventCountry "GER"]
[SourceTitle "EXT 2007"]
[Source "ChessBase"]
[SourceDate "2006.11.23"]
[SourceVersion "1"]
[SourceVersionDate "2006.11.23"]
[SourceQuality "1"]
[WhiteTeam "Chemnitz"]
[BlackTeam "Leipzig Lok Mitte"]
[WhiteTeamCountry "GER"]
[BlackTeamCountry "GER"]

1. c4 g6 2. Nf3 Bg7 3. g3 Nf6 4. Nc3 0-0 5. Bg2 d6 6. 0-0 c5 7. d4 Nc6 8. b3 Bf5 9. Bb2 Ne4 10. Nxe4 Bxe4 11. Qd2 cxd4 1/2-1/2

[Event "BL2-Ost 0405"]
[Site "Germany"]
[Date "2005.04.10"]
[Round "9.8"]
[White "De la Cruz, Alfredo"]
[Black "Braun, Christian"]
[Result "1-0"]
[WhiteElo "2224"]
[BlackElo "2240"]
[PlyCount "84"]
[EventDate "2004.10.24"]
[EventType "team-tourn"]
[EventRounds "9"]
[EventCountry "GER"]
[SourceTitle "EXT 2007"]
[Source "ChessBase"]
[SourceDate "2006.11.23"]
[SourceVersion "1"]
[SourceVersionDate "2006.11.23"]
[SourceQuality "1"]
[WhiteTeam "Chemnitz"]
[BlackTeam "Wuerzburg"]
[WhiteTeamCountry "GER"]
[BlackTeamCountry "GER"]

1. c4 e5 2. Nc3 Nf6 3. Nf3 Nc6 4. g3 Bb4 5. Bg2 0-0 6. 0-0 e4 7. Ne1 Bxc3 8. bxc3 Re8 9. d3 exd3 10. exd3 d5 11. cxd5 Nxd5 12. Bb2 Nf6 13. Nf3 Bg4 14. h3 Bh5 15. c4 Qd6 16. d4 Rad8 17. d5 Bxf3 18. Qxf3 Ne5 19. Qc3 Ned7 20. Rae1 Nc5 21. Qd4 b6 22. g4 Rxe1 23. Rxe1 Re8 24. Rxe8+ Nxe8 25. Qe3 Qf8 26. Ba3 Nf6 27. g5 Nfd7 28. h4 Qd6 29. Bb2 Qg6 30. Kh2 h6 31. Bh3 Qd6+ 32. Kg2 hxg5 33. hxg5 Qg6 34. Bd4 Nf8 35. Qe5 Qe4+ 36. Kh2 Qxe5+ 37. Bxe5 Na6 38. Bc8 Nb4 39. Bxc7 Nd3 40. Bb8 a5 41. Bc7 Nxf2 42. Bxb6 Ne4 1-0

[Event "BL2-Ost 0405"]
[Site "Germany"]
[Date "2004.11.28"]
[Round "3.7"]
[White "De la Cruz, Alfredo"]
[Black "Weitzer, Steffen"]
[Result "1/2-1/2"]
[WhiteElo "2224"]
[BlackElo "2247"]
[PlyCount "88"]
[EventDate "2004.10.24"]
[EventType "team-tourn"]
[EventRounds "9"]
[EventCountry "GER"]
[SourceTitle "EXT 2007"]
[Source "ChessBase"]
[SourceDate "2006.11.23"]
[SourceVersion "1"]
[SourceVersionDate "2006.11.23"]
[SourceQuality "1"]
[WhiteTeam "Chemnitz"]
[BlackTeam "Leipzig Mitte"]
[WhiteTeamCountry "GER"]
[BlackTeamCountry "GER"]

1. c4 Nf6 2. Nc3 g6 3. g3 Bg7 4. Bg2 0-0 5. Nf3 d6 6. 0-0 e5 7. d3 Nc6 8. Rb1 a5 9. a3 h6 10. b4 axb4 11. axb4 Be6 12. b5 Ne7 13. Qb3 Qd7 14. Re1 Bh3 15. Bh1 Qg4 16. Nd2 Rab8 17. Nd5 Nexd5 18. cxd5 Nd7 19. Qc4 Nc5 20. Qxg4 Bxg4 21. b6 Rfc8 22. Nc4 Bf8 23. Ba3 cxb6 24. Rxb6 Na4 25. Rb3 Nc5 26. Bxc5 Rxc5 27. Rb6 Kg7 28. Bg2 Be7 29. h3 Bd8 30. hxg4 Rxc4 31. Rxd6 Rb4 32. e4 Kf8 33. f4 exf4 34. gxf4 Ke7 35. e5 Rxf4 36. Rc1 Rxg4 37. Kf2 h5 38. Bh3 Rf4+ 39. Ke3 Rh4 40. Bc8 Rb4 41. Bh3 Bb6+ 42. Kd2 Ba5 43. Ke3 Bb6+ 44. Kd2 Ba5 1/2-1/2

[Event "BL2-Ost 0405"]
[Site "Germany"]
[Date "2004.11.14"]
[Round "2.7"]
[White "Liedtke, Matthias"]
[Black "De la Cruz, Alfredo"]
[Result "1-0"]
[WhiteElo "2346"]
[BlackElo "2224"]
[PlyCount "53"]
[EventDate "2004.10.24"]
[EventType "team-tourn"]
[EventRounds "9"]
[EventCountry "GER"]
[SourceTitle "EXT 2007"]
[Source "ChessBase"]
[SourceDate "2006.11.23"]
[SourceVersion "1"]
[SourceVersionDate "2006.11.23"]
[SourceQuality "1"]
[WhiteTeam "Leipzig Gohlis"]
[BlackTeam "Chemnitz"]
[WhiteTeamCountry "GER"]
[BlackTeamCountry "GER"]

1. e4 e6 2. d4 d5 3. e5 c5 4. c3 Nc6 5. Nf3 Qb6 6. a3 Nh6 7. b4 cxd4 8. cxd4 Nf5 9. Be3 f6 10. Bd3 Nxe3 11. fxe3 fxe5 12. b5 Nxd4 13. exd4 e4 14. Bxe4 dxe4 15. Ne5 g6 16. 0-0 Bg7 17. Kh1 Bxe5 18. dxe5 Qxb5 19. Nd2 Qxe5 20. Nc4 Qd5 21. Qc2 Rf8 22. Rfd1 Qc6 23. Nd6+ Kd8 24. Qb2 Bd7 25. Rac1 Qa6 26. Qg7 Rf2 27. Nxe4 1-0

[Event "Alcobendas op"]
[Site "Alcobendas"]
[Date "1994.??.??"]
[Round "1"]
[White "De la Cruz, Alfredo"]
[Black "Vera Gonzalez Quevedo, Reynaldo"]
[Result "0-1"]
[WhiteElo "2205"]
[BlackElo "2485"]
[PlyCount "76"]
[EventDate "1994.11.??"]
[EventType "swiss"]
[EventRounds "9"]
[EventCountry "ESP"]
[SourceTitle "EXT 2000"]
[Source "ChessBase"]
[SourceDate "1999.11.16"]
[SourceVersion "1"]
[SourceVersionDate "1999.11.16"]
[SourceQuality "1"]

1. c4 c5 2. Nc3 Nc6 3. g3 g6 4. Bg2 Bg7 5. e4 e6 6. Nge2 Nge7 7. a3 0-0 8. Rb1 b6 9. d3 Bb7 10. 0-0 d6 11. Be3 Nd4 12. b4 Qd7 13. Qd2 Rfe8 14. Bh6 Bh8 15. Nxd4 cxd4 16. Ne2 d5 17. exd5 exd5 18. c5 Rac8 19. Rfc1 Nf5 20. Bf4 Re6 21. Kh1 Rec6 22. cxb6 axb6 23. Ng1 Rc3 24. Nf3 Bf6 25. Ne5 Qa4 26. b5 Qxa3 27. Nd7 Rxc1+ 28. Rxc1 Rxc1+ 29. Qxc1 Qxc1+ 30. Bxc1 Bd8 31. Ba3 Bc8 32. Ne5 Be7 33. Bb2 Bf6 34. Nc6 Nd6 35. Bxd5 Nxb5 36. f4 Nc3 37. Nb4 Nxd5 38. Nxd5 Bb7 0-1